000 00587nam a22001817a 4500
999 _c183581
_d183581
005 20220204131126.0
010 _aENG-130734
020 _a978-93-87-894-822
_c599.00
035 _aEN-130733
037 _bDBAD
082 _a320.550954
100 _aAshutosh
245 _aHindu Rashtra/
_cAshutosh
260 _aChennai
_bWestland Publications Private Limited
_c2019
270 _a1st Floor, A Block, East Wing, Plot No. 40, SP Infocity, Dr MGR Salai, Perungudi, Kandanchavadi
_bChennai
_e600096
300 _a329p
_c22cm(pbk)
942 _2ddc
_cEN
_h320.550954
_mASH